1253 1827 1672 1781 1473 1896 1660 1524 1830 1008 1600 1625 1882 1338 1306 1335 1954 1609 1965 1554 1776 1038 1372 1175 1048 1542 1908 1655 1914 1955 1447 1778 1452 1024 1778 1853 1029 1990 1453 1603 1348 1149 1311 1045 1798 1443 1289 1645 1609 1156 1248 1941 1901 1679 1094 1854 1427 1698 1808 1964 1743 1850 1628 1773 1164 1625 1939 1690 1495 1192 1651 1032 1048 1817 1473 1461 1186 1247 1805 1052 1950 1381 1242 1728 1441 1327 1966 1170 1089 1870 1767 1778 1641 1768 1046 1414 1496 1886 1868 BCNSPRNW ULIB Ver.6.0+V

เปลี่ยนเป็นภาษาไทย

Change to English
 แสดงรายละเอียดบรรณานุกรม
  กลับหน้าหลัก

Brief Record : Get Marc (ISO 2709) : E-mail record : QR code < ปิดหน้าต่าง
LEADER : 00000nam 2200000uu 4500
001    13399114235
003     ULIB
008    120305s2554||||th 000 0 tha d
020    ^a9789741114177
060 04 ^aWG205^bป476ภ
245 00 ^aภาวะฉุกเฉินระบบหัวใจและหลอดเลือด =^bCardiac emergencies /^cประดิษฐ์ ปัญจวีณิน,บรรณาธิการ
246 31 ^aCardiac emergencies
250    ^aพิมพ์ครั้งที่ 1
260    ^aกรุงเทพฯ :^bสาขาวิชาหทัยวิทยา ภาควิชาอายุรศาสตร์ และศูนย์โรคหัวใจสมเด็จพระบรมราชินีนาถ,^c2554
300    ^a347 หน้า :^bภาพประกอบ ;^c21 ซม.
650  7 ^aหัวใจ, ศัลยกรรม
650  7 ^aภาวะฉุกเฉิน
653    ^aผลงานอาจารย์คณะแพทยศาสตร์ศิริราชพยาบาล
700 0  ^aประดิษฐ์ ปัญจวีณิน,^eบรรณาธิการ
700 0  ^aรุ่งโรจน์ กฤตยพงษ์,^eบรรณาธิการ
700 0  ^aเรวัตร พันธุ์กิ่งทองคำ,^eบรรณาธิการ
710 2  ^aมหาวิทยาลัยมหิดล. ^bคณะแพทยศาสตร์ศิริราชพยาบาล.
710 2  ^aมหาวิทยาลัยมหิดล. ^bคณะแพทยศาสตร์ศิริราชพยาบาล.
945    ^p275^l0^i18908
945    ^p275^l0^i18909
945    ^p275^l0^i18984
995    ^aกัณชพร
999 ^a ใช้งานได้ทุกระบบ
รายการนี้ยังไม่มีแท็ก
คุณยังไม่ได้ล็อกอิน คุณสามารถมีกิจกรรมร่วมกับเว็บไซต์ได้ แต่ต้องล็อกอินก่อน ::
  ล็อกอิน

รายการสื่อสารสนเทศ

ลำดับที่ ประเภท เลขเรียก/บาร์โค้ด สถานที่ สถานะ
1. วิทยาศาสตร์การแพทย์ และสุขภาพ
วิทยาศาสตร์การแพทย์ และสุขภาพ
สถานะ=หนังสือเก่า
WG205 ป476ภ ฉ.1 
  Barcode: 18908
ห้องสมุดวิทยาเขตนครสวรรค์
►ส่วนจัดเก็บหนังสือเก่า นว.
บนชั้น
  ขอยืม
2. วิทยาศาสตร์การแพทย์ และสุขภาพ
วิทยาศาสตร์การแพทย์ และสุขภาพ
สถานะ=หนังสือเก่า
WG205 ป476ภ ฉ.3 
  Barcode: 18984
ห้องสมุดวิทยาเขตนครสวรรค์
►ส่วนจัดเก็บหนังสือเก่า นว.
บนชั้น
  ขอยืม

รายการใกล้เคียง
    หัวเรื่อง [หัวใจ, ศัลยกรรม]
    หัวเรื่อง [ภาวะฉุกเฉิน]

BibComment


ยังไม่เคยถูกคอมเมนท์

คอมเมนท์ทรัพยากรรายการนี้
  คอมเมนท์: ภาวะฉุกเฉินระบบห..


 Copyright 2026. Bcnsprnw @Library